| 000 | 00801nas a2200265 4500 | ||
|---|---|---|---|
| 001 | BR0800960 | ||
| 003 | BR-BrBNA | ||
| 005 | 20231205111547.0 | ||
| 007 | ta | ||
| 008 | 230509b bl.|||p| |||| 00| 00por d | ||
| 040 |
_aBR-BrBNA _bpor _cBiblioteca Nacional de Agricultura |
||
| 041 | _a(Pt) | ||
| 072 | _aL73; L70 | ||
| 100 | 1 | _aPiekarz, C.H. | |
| 100 | 1 | _aBiondo, A.W. | |
| 100 | 1 | _aBarros Filho, I.R. de | |
| 100 | 1 | _aRodaski, S. | |
| 245 | 1 | _aImunologia tumoral como ferramenta na oncologia veterinária | |
| 650 | _aCÃO | ||
| 650 | _aTUMOR | ||
| 650 | _aVETERINÁRIA | ||
| 773 | 0 |
_tArquivos de Ciências Veterinárias e Zoologia da UNIPAR (Brazil) _xISSN 1415-8167 _g(Jul-Dec 2006), v. 9(2) p. 141-145 _wBR0800960 |
|
| 909 |
_a202311 _bLúcia _c55 _dLúcia Elande |
||
| 942 |
_2AGRIS _n0 _cANA |
||
| 999 |
_c193318 _d193318 |
||